00438nam a2200109Ia 4500008004100000100001900041245009300060260006300153300002000216650001700236856007500253160712s9999 xx 000 0 und d aFabe, Vicente  cVicente FabeaInternational Food Organizations, Global Summits, and People’s Movements c2011bKasarinlan Philippine Journal of Third World Studies avol. 26 no. 1-2 xINDEPENDENCE uhttp://journals.upd.edu.ph/index.php/kasarinlan/issue/view/331/showToc